000 00544nam a2200169Ia 4500
008 090201s9999 xx 000 0 und d
010 _aKPL-28619
040 _bमराठी
041 _aमराठी
082 _a30473
_b28619
100 _aवसंत नरहर फेणे
245 _aपहिला अध्याय
_cवसंत नरहर फेणे
260 _c2004
_bविशाखा प्रकाशन
300 _a235
_bमोठा
600 _aपहिला अध्याय
942 _cBOOK
999 _c229012
_d229012